000 00958nam a22002537a 4500
003 DO-SdBNP
005 20240228085038.0
008 210222e2019 dr ac 001 0 spa d
020 _a9789945484335
040 _aDO-SdBNP
_bspa
_cBNPHU
082 4 _bP426a
_222
_a379
100 1 _aPeralta , Damián,
_d1950-
_977879
245 1 0 _aAforismos pedagógicos :
_bpara pensar el rol de la gestión educativa en el siglo XXI /
_cDamián Peralta; prólogo, María del Rosario
260 _aSanto Domingo :
_bMontaño ,
_c2019.
300 _a136 p. ;
_bil., fots.,
_c23 cm.
490 1 _aPedagogía ardiente ;
_v1 ;
500 _aIncluye datos biográficos del autor en las solapas
590 _aInventariado, 2021/ YL
650 4 _aPolítica educativa
_v Citas, máximas, etc.
_979785
700 1 _aRosario, María del
_eprol.
_975860
830 _aPedagogía Ardiente
_n1
_977880
910 _aYLOCKWARD/Validado. Control de calidad MFF
942 _2ddc
_cLBS1
999 _c49700
_d49700